| 000 | 00986nam a2200265Ia 4500 | ||
|---|---|---|---|
| 003 | OSt | ||
| 005 | 20220930080747.0 | ||
| 006 | a|||||r|||| 00| 0 | ||
| 007 | ta | ||
| 008 | 220926b |||||||| |||| 00| 0 eng d | ||
| 024 | _a94419 | ||
| 037 | _cTheses | ||
| 040 |
_aCRL _cCRL _beng |
||
| 041 |
_2eng _aeng |
||
| 100 |
_aKohli Amit _9539818 |
||
| 110 |
_aUniversity of Delhi. Faculty of Medical Sciences. Department of Anaesthesiology _9519568 |
||
| 245 | 0 | _aTo study the effects of thoracic epidural anaesthesia on the haemodynamics, endocrine, metabolic and haematological stress response during laparoscopic cholecystectomy | |
| 260 | _c2007 | ||
| 650 |
_aANESTHETICS _9519569 |
||
| 700 |
_a Dr. Poonam Bhadoria Gu. _9537054 |
||
| 700 | _a Dr. U. C. Verma Gu. | ||
| 700 |
_aUniversity of Delhi. Faculty of Medical Sciences. Department of Anaesthesiology _9519571 |
||
| 942 |
_cDIS _2CC |
||
| 999 |
_c870400 _d870400 |
||